000
00327nam a2200157Ia 4500
100
_a
Ravichandran/J
650
_a
Probability
942
_c
BK
366
_f
20
245
_a
Probability and statistics for Engineers
260
_b
Wiley
_c
2010
082
_a
519.2
_b
RAV
300
_a
597
546
_a
ENGLISH
999
_c
32540
_d
32540